[Event "DSOL 03 Liga Gr-A 1st"]
[Site "Playchess.com INT"]
[Date "2020.08.06"]
[Round "7.4"]
[White "Berndt, Matthias"]
[Black "Thoene, Kay"]
[Result "1-0"]
[WhiteElo "2005"]
[BlackElo "1619"]
[PlyCount "157"]
[EventDate "2020.06.22"]
[EventType "team-tourn (rapid)"]
[EventCountry "GER"]
[SourceTitle "EXT 2021"]
[Source "ChessBase"]
[SourceDate "2020.10.23"]
[SourceVersion "1"]
[SourceVersionDate "2020.10.23"]
[SourceQuality "1"]
[WhiteTeam "Fulda"]
[BlackTeam "Barsinghausen"]
[WhiteTeamCountry "GER"]
[BlackTeamCountry "GER"]

1. e4 c6 2. d3 d5 3. Nd2 g6 4. Ngf3 Bg7 5. g3 Bg4 6. h3 Bxf3 7. Qxf3 e6 8. Bg2 Ne7 9. 0-0 Nd7 10. Qe2 0-0 11. f4 dxe4 12. dxe4 Bd4+ 13. Kh1 b5 14. e5 Nf5 15. Ne4 Nc5 16. Kh2 Nxe4 17. Bxe4 Qc7 18. c3 Bb6 19. g4 Ng7 20. Qf3 Rac8 21. Bd2 f5 22. exf6 Rxf6 23. Qg3 Rcf8 24. Bg2 Qb8 25. Bxc6 Bc7 26. Rae1 Rxf4 27. Rxf4 Rxf4 28. Kg2 Rd4 29. Qe3 Rd6 30. Be4 Qd8 31. Re2 Qd7 32. Be1 Rd1 33. Rd2 Rxd2+ 34. Qxd2 Qe7 35. Bc6 Qc5 36. Bf3 Qe5 37. Kf1 Qf6 38. Qe2 e5 39. Bf2 a6 40. Bd5+ Ne6 41. Qf3 Kg7 42. Qxf6+ Kxf6 43. Bb7 a5 44. Be3 g5 45. Be4 h6 46. Kf2 b4 47. Kg3 bxc3 48. bxc3 Bd6 49. h4 Nc5 50. hxg5+ hxg5 51. Bf5 e4+ 52. Kf2 Nd3+ 53. Ke2 Ne5 54. Bd4 Ke7 55. Ke3 Nc6 56. Bb6 Bf4+ 57. Kxe4 Kd6 58. Bc8 Bd2 59. Kd3 Bf4 60. a4 Ne5+ 61. Ke4 Nc6 62. Bb7 Ne5 63. Kf5 Nc4 64. Bd8 Nb2 65. Bxa5 Nxa4 66. c4 Nc5 67. Bd5 Kd7 68. Bc3 Nd3 69. Bf6 Nf2 70. Bxg5 Bd6 71. Bf6 Nxg4 72. Kxg4 Bc5 73. Kf5 Kc7 74. Ke6 Kb6 75. Bf3 Be3 76. Kd5 Kc7 77. Bd4 Bf4 78. Be5+ Bxe5 79. Kxe5 1-0